ჩინეთი დღევანდელ მსოფლიოში / China in Modern World (Record no. 1119)

000 -LEADER
fixed length control field 00760nam a22001937a 4500
005 - DATE AND TIME OF LATEST TRANSACTION
control field 20210426121114.0
008 - FIXED-LENGTH DATA ELEMENTS--GENERAL INFORMATION
fixed length control field 210202s2012 ||||| |||| 00| 0 geo d
020 ## - INTERNATIONAL STANDARD BOOK NUMBER
International Standard Book Number 9789941926051
040 ## - CATALOGING SOURCE
Original cataloging agency eng
Transcribing agency DLC
041 ## - LANGUAGE CODE
Language code of text/sound track or separate title eng
Language code of original geo
080 ## - UNIVERSAL DECIMAL CLASSIFICATION NUMBER
Universal Decimal Classification number 94
Item number უ-53
100 ## - MAIN ENTRY--PERSONAL NAME
9 (RLIN) 757
Personal name ჯონათან უოტსი / Johnathan Wats
245 ## - TITLE STATEMENT
Title ჩინეთი დღევანდელ მსოფლიოში / China in Modern World
Remainder of title / When a Billion Chinese Jump: How China will Save Mankind - or Destroy It.
Statement of responsibility, etc. / by: რადარამი / Radarami
260 ## - PUBLICATION, DISTRIBUTION, ETC.
Place of publication, distribution, etc. თბილისი / Tbilisi
Name of publisher, distributor, etc. რადარამი / Radarami
Date of publication, distribution, etc. 2012
300 ## - PHYSICAL DESCRIPTION
Extent 535 p.
650 #0 - SUBJECT ADDED ENTRY--TOPICAL TERM
9 (RLIN) 252
Topical term or geographic name entry element History
653 ## - INDEX TERM--UNCONTROLLED
Uncontrolled term ისტორია
942 ## - ADDED ENTRY ELEMENTS (KOHA)
Source of classification or shelving scheme
Koha item type Books
Holdings
Withdrawn status Lost status Source of classification or shelving scheme Damaged status Not for loan Permanent location Current location Date acquired Inventory number Total Checkouts Full call number Barcode Date last seen Price effective from Koha item type
          Ken Walker International University Ken Walker International University 02/03/2021 2568   94 უ-53 2568 02/03/2021 02/03/2021 Books

Powered by Koha